000 00926nam a22001577a 4500
001 128382
003 OSt
005 20240327182515.0
008 240327b |||||||| |||| 00| 0 POR d
040 _aBR - IDEA
_cBR - IDEA
245 _aThe colour of hope
_cRoss MacKenzie
300 _a354 p
500 _aYears ago, the Emperor used dark magic to steal all the colour from the world. Now he keeps it for himself, enjoying its life-giving power while everyone else must exist in cold shades of grey. That is, until a miracle baby is born – everything she touches turns to colour. But the child’s life is in danger from her very first breath. Soon the Emperor’s murderous Ripper Dogs and Black Coats come hunting. Can the girl and her adopted father survive in the forest – and what will it take to return colour and hope to the world?
690 _xLiteratura infanto juvenil
942 _2udc
_cBK
_kYear 8 [Fic] MAC
_n0
999 _c128382
_d128382